| 000 | 00547nam a2200205Ia 4500 | ||
|---|---|---|---|
| 005 | 20250923144730.0 | ||
| 008 | 008 250917s9999 xx 000 0 eng d | ||
| 037 | _aTextual | ||
| 040 |
_aDSWL _beng _cDSWL |
||
| 041 |
_aeng _2eng |
||
| 084 |
_aX, K03 _qDSWL |
||
| 100 |
_aHicks, J.R. _9827839 |
||
| 245 | 0 |
_aSocial frame work _cby J.R. Hicks |
|
| 260 |
_a Clarendon _bOxford Clarendon Press _c1960 |
||
| 300 | _axii,272p. | ||
| 365 |
_aINR _b18 |
||
| 925 | _g18 | ||
| 942 |
_cTEXL _hX, K03 |
||
| 999 |
_c1442631 _d1442631 |
||